MDQL
is popping MORE tags! Check the
thread
!
Quizzes
Events
Quiz Creation
Community
Videos
Private Events
Remove Ads
Sign In
Join for FREE
Feedback
Dark Mode
Quiz Categories
Sports
Geography
Music
Movies
Television
Just For Fun
Miscellaneous
History
Literature
Language
Science
Gaming
Entertainment
Religion
Holiday
For Kids
Quiz Lab
Recent
Popular Today
Quiz Kudos Today
Editor Picks
Curator Picks
Quizzes by...
Day
Popularity
Type
Ratings
Length
Year
Community
Subscriptions
Recent Discussions
Orange Saloon
Badges
Playlists
Quests
Create
Leaderboards
Showdown
Live 5
Trivia Bingo
Activity
Puzzle Library
Sporcle Events
Private Events
Virtual Trivia
Globe League
Become a Host
Pub Owners
SporcleCon
Opinionation
Our Games
Videos
Blog
Mobile Apps
Partnerships
Remove Ads and Go Orange
Feedback
Sports
Athletes
MLB
NBA
NHL
NFL
Soccer
Sports Teams
WWE
NCAA
Football
Premier League
Basketball
Baseball
Hockey
Golf
Tennis
Cricket
Rugby
Auto Racing
Olympics
World Cup
Sports
Athletes
MLB
NBA
NHL
NFL
Soccer
Sports Teams
WWE
NCAA
Football
Premier League
Basketball
Baseball
Hockey
Golf
Tennis
Cricket
Rugby
Auto Racing
Olympics
World Cup
Random Quiz
Search Sporcle
×
Quiz Lab
Quiz Lab
Sports
1990s
Type in answers that appear in a list
Type in answers that appear in a list
Classic
Best Score? Go Orange.
Utah Jazz Starters: 1990s Stats
Can you name the Players who started a game for the Jazz from 90-91 to 99-00?
By
cardspartan
6m
32 Questions
246 Plays
246 Plays
246 Plays
Comments
Comments
Give Quiz Kudos
Give Quiz Kudos
-
- Ratings
hide this ad
Replay
Link that replays current quiz
Next Quiz
Link to next quiz in quiz playlist
You Got
0%
They Got
Avg Score
42%
Avg Friend Score
Upgrade to see
Score Distribution
Jump to the score distribution portion of the page
Score
0/32
Timer
06:00
0
Plays Today
Games Started
Player
% Correct
785
Karl Malone
99.6%
770
John Stockton
99.6%
259
Jeff Malone
98.8%
436
Jeff Hornacek
94.7%
280
Bryon Russell
87.8%
154
Greg Ostertag
87.8%
218
Mark Eaton
81.3%
23
Howard Eisley
59.8%
12
Antoine Carr
58.9%
64
Greg Foster
53.7%
22
Thurl Bailey
52%
4
Shandon Anderson
51.2%
78
Adam Keefe
50.8%
177
David Benoit
43.1%
137
Blue Edwards
38.2%
183
Felton Spencer
36.2%
Games Started
Player
% Correct
76
Tyrone Corbin
34.6%
24
Mike Brown
34.1%
35
Chris Morris
33.7%
79
Olden Polynice
32.5%
2
Darrell Griffith
25.6%
4
Tom Chambers
24.8%
39
Jay Humphries
14.6%
41
James Donaldson
14.2%
2
Luther Wright
13%
9
Scott Padgett
12.2%
1
Jamie Watson
10.6%
3
Isaac Austin
6.9%
2
Todd Fuller
5.3%
15
Andy Toolson
4.9%
4
Walter Bond
3.7%
2
William Cunningham
1.6%
Quiz Playlist
Details
Report
Send in Message
Add To Playlist
Classic:
Type in answers that appear in a list
Quiz Source
Last Updated: Feb 16, 2017
Quiz Scoreboard
CHALLENGE
Sign Up to Join the Scoreboard
Show All
Scores
Hide
Comments
May contain spoilers
Recently Published
Two Season TV Shows II
by 123Four
Television
10m
Image Sorting: Flags VI
by Barbecue
Geography
2m
Find the 'City' Movie
by crazypaving
Movies
60s
More to Explore
Quiz From the Vault
Featured Blog Post
14 Easter Pick-up Lines to Find Eggs With
hide this ad
You Might Also Like...
Tags
1990
1990s
99-00
Jazz
Player
Started
Starter
utah
Today's Top Quizzes in Sports
Browse Sports
hide this ad
Today's Top Quizzes in 1990s
Browse 1990s
Top Contributed Quizzes in Sports
1
Les meilleurs buteurs des matchs entre le PSG et l’OM
2
Les entraîneurs de l'OM et du PSG au 21e siècle
3
2022 World Cup Stars
4
Les joueurs passés par le PSG et l'OM
5
Players with Multiple 50 Home Run Seasons
6
Criteria MLB: Left Handed Sluggers
7
FIFA Club World Cup Champions
8
Les joueurs passés par le LOSC et le RC Lens
9
NBA Logic Puzzle 2.0
10
Top 10 NHL Goal Scorers of All Time
Explore More
Trending Topics
Crossword
NBA
Marvel
Disney
Kpop
Anime
Harry Potter
Country
Puzzle
Soccer
The Office
Song
NFL
Pokémon
WWE
hide this ad
More By:
cardspartan
Quiz
Plays
Rating
Category
Featured
Created
NBA All-Time Starting Fives by points
4,283
3.63
Sports
Jan 27, 2011
NBA 'B' Game
3,929
3.63
Sports
Jul 21, 2010
Most Common Opponents: USC football
3,470
4.10
Sports
Dec 14, 2010
The Onion: Our Dumb World Countries
931
2.95
Geography
Aug 6, 2010
Most Common Opponents: UCLA football
606
4.60
Sports
Dec 14, 2010
Go to Creator's Profile
Score Distribution
Quiz Creator Spotlight
cardspartan
Follow
Send a Message
Quizzes Created
-
Created Quiz Play Count
-
More By This Creator
Popular Quizzes Today
1
Find the US States - No Outlines Minefield
2
Colored Red Africa Blitz
3
Find the 'City' Movie
4
5x2 Blitz: Bands
5
The Countries of the World
6
Find the Countries of Europe - No Outlines Minefield
7
Find the US States
8
US States
More Sports Quizzes
Man Utd Every Premier League Goalscorer
Quiz Lab
Trending Quizzes
Colored Red Europe Blitz I
Colored Red Africa Blitz II
Colored Red Europe Blitz II
Colored Red Africa Blitz III
Colored Red Europe Blitz III
Recently Updated
How Do You Spell That?
pecheneg
Godzilla Movies
pecheneg
Grab Bag: 4-10 Letters
pecheneg
2024 March Madness Bracket
pecheneg
Famous TV Couples
Peacemaker
Champions League XIs: Real Madrid
pecheneg
Largest US Cities 1790-2010
pecheneg
Rides in Walt Disney World
pecheneg
Most Oscar Losses (Acting)
pecheneg
Beyoncé Albums
pecheneg
Trending Topics
NBA
Kpop
Marvel
Anime
Disney
Harry Potter
Crossword
The Office
WWE
Soccer
Country
Pokémon
Puzzle
NFL
Song
Your Account Isn't Verified!
In order to create a playlist on Sporcle, you need to verify the email address you used during registration. Go to your
Sporcle Settings
to finish the process.
Report this User
Report this user for behavior that violates our
Community Guidelines
.
Details:
Send Report
Go to the Sporcle.com Mobile Site →
Comments